Understanding nursing research : (Record no. 686)

000 -LEADER
fixed length control field 02371nam a22004457a 4500
001 - CONTROL NUMBER
control field 16204785
003 - CONTROL NUMBER IDENTIFIER
control field OSt
005 - DATE AND TIME OF LATEST TRANSACTION
control field 20210421065743.0
008 - FIXED-LENGTH DATA ELEMENTS--GENERAL INFORMATION
fixed length control field 100423s2011 moua b 001 0 eng
010 ## - LIBRARY OF CONGRESS CONTROL NUMBER
LC control number 2010017591
020 ## - INTERNATIONAL STANDARD BOOK NUMBER
International Standard Book Number 9781437707502 (pbk. : alk. paper)
035 ## - SYSTEM CONTROL NUMBER
System control number (DNLM)101529470
040 ## - CATALOGING SOURCE
Original cataloging agency DNLM/DLC
Transcribing agency DLC
Modifying agency eng
Language of cataloging eng
041 ## - LANGUAGE CODE
Language code of text/sound track or separate title eng
050 00 - LIBRARY OF CONGRESS CALL NUMBER
Classification number RT81.5
Item number .B863 2011
060 10 - NATIONAL LIBRARY OF MEDICINE CALL NUMBER
Classification number WY 20.5
Item number B967u 2011
080 ## - UNIVERSAL DECIMAL CLASSIFICATION NUMBER
Universal Decimal Classification number 616-08
Item number B-96
082 00 - DEWEY DECIMAL CLASSIFICATION NUMBER
Classification number 610.73072
Edition number 22
100 1# - MAIN ENTRY--PERSONAL NAME
Personal name Burns, Nancy
Fuller form of name (Nancy Ann)
245 10 - TITLE STATEMENT
Title Understanding nursing research :
Remainder of title building an evidence-based practice /
Statement of responsibility, etc. Nancy Burns, Susan K. Grove ; with special contributions by Jennifer Gray.
250 ## - EDITION STATEMENT
Edition statement 5th edition
260 ## - PUBLICATION, DISTRIBUTION, ETC.
Place of publication, distribution, etc. St. Louis, MO :
Name of publisher, distributor, etc. Saunders/Elsevier,
Date of publication, distribution, etc. c2011.
300 ## - PHYSICAL DESCRIPTION
Extent xiii, 574 p. :
Other physical details col. ill. ;
Dimensions 23 cm.
365 ## - TRADE PRICE
Price amount 76.95 usd
504 ## - BIBLIOGRAPHY, ETC. NOTE
Bibliography, etc. note Includes bibliographical references and index.
505 0# - FORMATTED CONTENTS NOTE
Formatted contents note Introduction to nursing research and evidence-based practice -- Introduction to the quantitative research process -- Introduction to the qualitative research process -- Examining ethics in nursing research -- Research problems, purposes, and hypotheses -- Understanding the literature review in published studies -- Understanding theory and research frameworks -- Clarifying quantitative research designs -- Examining populations and samples in research -- Clarifying measurement and data collection in quantitative research -- Understanding statistics in research -- Critical appraisal of quantitative and qualitative research for nursing practice -- Building an evidence-based nursing practice -- Introduction to outcomes research.
650 #0 - SUBJECT ADDED ENTRY--TOPICAL TERM
Topical term or geographic name entry element Nursing
General subdivision Research
-- Methodology.
650 #0 - SUBJECT ADDED ENTRY--TOPICAL TERM
Topical term or geographic name entry element Patient Care
9 (RLIN) 285
650 #0 - SUBJECT ADDED ENTRY--TOPICAL TERM
Topical term or geographic name entry element Evidence-based nursing.
650 12 - SUBJECT ADDED ENTRY--TOPICAL TERM
Topical term or geographic name entry element Nursing Research
General subdivision methods.
650 22 - SUBJECT ADDED ENTRY--TOPICAL TERM
Topical term or geographic name entry element Evidence-Based Nursing.
653 ## - INDEX TERM--UNCONTROLLED
Uncontrolled term პაციენტის მოვლა
653 ## - INDEX TERM--UNCONTROLLED
Uncontrolled term პაციენტის მოვლის კვლევა
653 ## - INDEX TERM--UNCONTROLLED
Uncontrolled term მტკიცებულებაზე დაფუძნებული პაციენტის მოვლა
700 1# - ADDED ENTRY--PERSONAL NAME
Personal name Grove, Susan K.
700 1# - ADDED ENTRY--PERSONAL NAME
Personal name Gray, Jennifer,
Dates associated with a name 1955-
906 ## - LOCAL DATA ELEMENT F, LDF (RLIN)
a 7
b cbc
c orignew
d 1
e ecip
f 20
g y-gencatlg
942 ## - ADDED ENTRY ELEMENTS (KOHA)
Source of classification or shelving scheme
Koha item type Books
Edition 5
Holdings
Withdrawn status Lost status Source of classification or shelving scheme Damaged status Not for loan Permanent location Current location Date acquired Inventory number Total Checkouts Full call number Barcode Date last seen Price effective from Koha item type
          Ken Walker International University Ken Walker International University 12/18/2020 2099   616-08 B-96 2099 12/18/2020 12/18/2020 Books
          Ken Walker International University Ken Walker International University 12/18/2020 2098   616-08 B-96 2098 12/18/2020 12/18/2020 Books
          Ken Walker International University Ken Walker International University 12/18/2020 2097   616-08 B-96 2097 12/18/2020 12/18/2020 Books

Powered by Koha